Statistics for Name the disaster

Click here to take the quiz!

General Stats

  • This quiz has been taken 30 times
  • The average score is 8 of 9

Answer Stats

Answer% Correct
Volcanic eruption
100%
Earthquake
96%
Lightning
96%
tornado
96%
Flood
96%
Tsunami
93%
hurricane
93%
Wildfire
71%
landslide
61%

Score Distribution

Percentile by Number Answered

Percent of People with Each Score

Your Score History

You have not taken this quiz